Регионална библиотека "Любен Каравелов" - Русе

Английско-български речник (Запис номер 61137)

MARC детайли
000 -Лидер
Контролно поле с фиксирана дължина 01730nam a2200397 c 4500
003 - Код на организацията, давaща контролен номер
Контролно поле BLK
005 - Дата и час на последна редакция
Контролно поле 20230817093748.0
008 - Елементи от данни с фиксирана дължина
fixed length control field 180408b bul|||||r ||||||| ||bul||
010 ## - Наследен системен номер
LC control number KNG00065330000
040 ## - Източник на каталожния запис
Идентификатор на билиотеката - собственик на записа BLK
041 ## - Код за език
Код за езика на текст/звукозапис или на отделно заглавие Английски
Код за езика КДБФ Английски
Други езици Български
080 ## - УДК
Текстов определител УДК Лексикология. Езикови речници и разговорници. Лексикография
УДК код - определител по УДК 81`374
УДК определител =111=163.2
УДК - код + определител 81`374=111=163.2
139 ## - Редно поле
Редна дума Английско-български речник
Авторски знак Ан - А 64
245 10 - Сведения за заглавието
Заглавие Английско-български речник
Подзаглавни данни Т. 1 - 2
Редно поле (дума) състав. Теодора Пантелеева Атанасова.
Том Т. 2
Заглавие на том J - Z
246 11 - Различни форми на заглавието
Паралелно заглавие English-Bulgarien Dictionary : Vol. 1 - 2
250 ## - Област на изданието
Сведения за изданието 3. изд. с добавка
257 ## - Страна на издаване
Страна на създаване/издаване България
260 ## - Област на издателските данни
Име на издателя, разпространителя и проч. БАН
Година на издаване 1985
300 ## - Физическа характеристика
Размери/Мащаб 25 см
380 ## - Жанр
Жанр Езикознание. Филология
500 ## - Общи забележки
Забележка Други състав. : Е. Машалова, М. Ранкова, Р. Русев, Г. Чакалов. - Изд. на БАН. Инст. за бълг. ез. - 1. изд. 1967. - 50 000 тир.
650 #4 - Допълнително описание по предмет – тема
Основно описание – тема или топоним Английски език - речници, английско-български
9 (RLIN) 241873
653 ## - Ключова дума – ненормативна
Ключова дума речници
653 ## - Ключова дума – ненормативна
Ключова дума английски език
653 ## - Ключова дума – ненормативна
Ключова дума български език
700 1# - Други автори (авторска отговорност)
Лично име Атанасова, Теодора Пантелеева
Автороска отговорност (Описва отношението между автора и произведението) състав.
9 (RLIN) 364286
720 ## - Неконтролирано име
Паралелен автор T. Athanasova et al.
Ключова дума за отношение (Описва отношението между автора и произведението) паралелен автор
760 1# - Описание на основната серия
Издание 3. изд. с добавка
Място на издаване, издател и година 1985
Страници - том 920 с.
Заглавие Т. 2 J - Z
852 ## - Местоположение
Форматна сигнатура Цб 319506
856 4# - Електронен адрес и достъп
Електронен формат pdf - файл
856 4# - Електронен адрес и достъп
Електронен формат pdf - файл
942 ## - АРТИКУЛИ
Вид на библиотечния материал Книги
Скрит в OPAC Не
944 ## - СЪЗДАВАНЕ И РЕДАКЦИЯ на ЗАПИСА
Създаване/Редакция Създаване
Дата на регистрацията/редакция 13.06.2004
Статус, дата на статуса Теодора Пейчева-Дянкова
Служител, извършил регистрацията/редакцията 30556
944 ## - СЪЗДАВАНЕ И РЕДАКЦИЯ на ЗАПИСА
Създаване/Редакция Редакция
Дата на регистрацията/редакция 19.09.2011
Статус, дата на статуса ф /
999 ## - СИСТЕМНИ КОНТРОЛНИ НОМЕРА
Koha biblionumber 61137
Koha biblioitemnumber 61137
999 ## - СИСТЕМНИ КОНТРОЛНИ НОМЕРА
Koha biblioitemnumber 61137
Наличности
Код за отписване Код за изгубен артикул Източник на класификационната схема Код за повреда Коз за рестрикции Код за отдаване Артикулен № Име на библиотеката - собственик Име на библиотеката, в която се намира в момента Статус (Текущо местоположение) Дата на вписване в системата Местоположение - отдел Цена в лева Инвентарен номер Систематично азбучна сигнатура Баркод Номер на екземпляра Цена в евро Служебна бележка Служебен тип на артикула
Изтеглен Не е изгубен Universal Decimal Classification Не е повреден без рестрикции ползва се в читалня 101003 Регионална библиотека "Любен Каравелов" Русе Регионална библиотека "Любен Каравелов" Русе Читалня - справочен фонд 1985-01-01 Читалня - справочен фонд 13.76 436062 СЧ 801.323.2=20/А 64 436062 1 7.04 Дост: Pk Вид: Ф N: стар фонд Дата: 01.01.1985 Дата инв: 27.03.2017 Бележки инв: СЧ2017 Книги
  Не е изгубен Universal Decimal Classification Не е повреден без рестрикции ползва се в читалня 101004 Регионална библиотека "Любен Каравелов" Русе Регионална библиотека "Любен Каравелов" Русе Хранилище 1985-01-01 Хранилище 13.76 436780 Цб 319506 120000436780 2 7.04 Дост: Dp Вид: Д N: стар фонд Дата: 01.01.1985 Книги
Изтеглен Не е изгубен Universal Decimal Classification Не е повреден без рестрикции заемане за дома 101005 Регионална библиотека "Любен Каравелов" Русе Регионална библиотека "Любен Каравелов" Русе Заемна - подръчен фонд 1985-01-01 Заемна - подръчен фонд 13.76 436061 П 801.323.2=20/А 64 436061 3 7.04 Дост: Pk Вид: Ф N: стар фонд Дата: 01.01.1985 Книги
Vip Innovations Ltd, Rousse, Bulgaria 2025